000 00539nam a2200205 4500
001 120481
003 ES-MaACL
005 20230906191548.0
007 t|
008 070214s1966 mx r ||||1| spa d
100 1 _aPitol, Sergio.
_992416
245 1 4 _aLos climas /
_cSergio Pitol.
250 _a1ª ed.
260 _aMéxico, D. F. :
_bJoaquín Ortiz,
_c1966.
300 _a126 p. ;
_c18 cm.
490 1 _aSerie del Volador
830 0 _aSerie del Volador
_9181075
852 _aES-MaACL
_jA-6162
_bR.94091
999 _c120481
_d120481